Responses for Show #4407 - Tuesday, November 4, 2003

Game data retrieved from an alternate archive.

Contestants

[<< previous game]

Sarah Robertson, a media planner from Los Angeles, California

Mike Nichols, a commercial pilot from Lawrenceville, Georgia

Mary Treisbach, a marketing consultant from Norristown, Pennsylvania (whose 1-day cash winnings total $6,200)

[next game >>]

Jeopardy! Round responses

HY-ER EDUCATION
CLASSIC SITCOM EPISODES
CRIME
BABYTALK MAG'S 10 MOST FAMOUS BABIES
JESSE
"V"
    $200 1
a hybrid

Mike
    $200 11
The Honeymooners

Sarah
    $200 26
a pickpocket

Mike
    $200 21
the Dionne quintuplets

Mike
    $200 12
Jesse Jackson

Sarah
    $200 6
virtues

Mike
    $400 2
the chariot

Triple Stumper
    $400 17
Happy Days

Mary
    $400 27
a fence

Sarah
    $400 22
John F. Kennedy, Jr

Mike
    $400 13
Jesse Ventura

Mike
    $400 7
(Sarah: What is the Vietnam Memorial?)

Valley Forge

MarySarah
    $600 3
Hypertext

Sarah
    $600 18
Family Affair

Triple Stumper
    $600 28
(Mary: What is a traffic stop?)

domestic violence

Mary
Triple Stumper
    $600 23
Ally McBeal

Mike
    $600 14
Jesse Helms

Mike
    $600 8
Voice of America

Mike
    $800 4
hyperbole

Mike
    $800 19
Friends

Mary
    $800 29
treason

Mike
    $1,500 24
(Mike: Who is Marie Antoinette?)

Sacajawea

Mike
    $800 15
Jesse James

Mary
    $800 9
Vespers

Mary
    $1000 5
(Mary: Who is Freud?)

Franz Mesmer

MarySarah
    $1000 20
Seinfeld

Sarah
    $1000 30
rehabilitation

Mary
    $1000 25
Kunta Kinte

Mike
    $1000 16
Jesse Owens

Mike
    $1000 10
the veldt

Mary

Scores at the first commercial break (after clue 16):

Mary Mike Sarah
$2,000 $3,800 $1,600

Scores at the end of the Jeopardy! Round:

Mary Mike Sarah
$3,600 $5,500 $3,000

Double Jeopardy! Round responses

PLAYS & PLAYWRIGHTS
TENNIS
LET'S HAVE SOME CHILE
DELICACIES
'88
____ LIGHT
    $400 16
(Sarah: What is Cat on a Hot Tin Roof?)

The Glass Menagerie

MarySarah
    $400 23
the U.S. Open

Sarah
    $400 1
(Mike: What are streetcars?)
(Mary: What are trolleys?)

cable cars

MaryMikeSarah
    $400 17
a pig

Mary
    $400 8
smoking

Mike
    $400 3
a flashlight

Mike
    $800 19
Picnic

Sarah
    $800 24
(Sarah: Who is the referee?)
(Mary: Who is the line judge?)

the umpire

MarySarah
Triple Stumper
    $800 2
a condor

Mary
    $800 18
toast points

Sarah
    $800 9
Wayne Gretzky

Mike
    $800 4
candlelight

Sarah
    $1200 20
(Mike: What is A Doll's House?)

Hedda Gabler

MikeSarah
    $2,500 25
Dwight Davis

Sarah
    $1200 13
Cape Horn

Sarah
    $2,000 10
Pakistan

Mike
    $1200 5
a skylight

Mary
    $1600 21
Noel Coward

Triple Stumper
    $1600 26
poach

Triple Stumper
    $1600 14
Augusto Pinochet

Sarah
    $1600 29
[The end-of-round signal sounds.]

lobster thermidor

Sarah
    $1600 11
Ben Johnson

Sarah
    $1600 6
twilight

Mary
    $2000 22
Moss Hart

Triple Stumper
    $2000 27
the tiebreaker

Mary
    $2000 15
the Atacama

Sarah
    $2000 28
dry aging

Triple Stumper
    $2000 12
(1 of) Robert Bork (or Douglas Ginsburg)

Sarah
    $2000 7
a searchlight

Mike

Scores at the end of the Double Jeopardy! Round:

Mary Mike Sarah
$8,800 $9,500 $18,700

[wagering suggestions for these scores]

Final Jeopardy! Round responses

FILMS OF THE '50s
MaryWhat is "Lilies of the Field"?
$8,800
MikeWhat is "The Concrete Jungle"?
$9,300
SarahWhat is "A Raisin in the Sun"?
$301
Blackboard Jungle

Final scores:

Mary Mike Sarah
$0 $200 $18,399
3rd place: $1,000 2nd place: $2,000 New champion: $18,399

Game dynamics:

Coryat scores:

Mary Mike Sarah
$8,800 $10,200 $17,400
13 R,
4 W
18 R
(including 1 DD),
3 W
(including 1 DD)
19 R
(including 1 DD),
3 W

Combined Coryat: $36,400

[game clues] [game scores] [suggest correction]

Game tape date: 2003-08-20
The J! Archive is created by fans, for fans. Scraping, republication, monetization, and malicious use prohibited; this site may use cookies and collect identifying information. See terms. The Jeopardy! game show and all elements thereof, including but not limited to copyright and trademark thereto, are the property of Jeopardy Productions, Inc. and are protected under law. This website is not affiliated with, sponsored by, or operated by Jeopardy Productions, Inc. Join the discussion at JBoard.tv.